01491nam a22003494a 4500001001100000003000800011006001900019007001500038008004100053010001700094020003600111020003600147040002100183035002100204050002500225082002200250100001900272245013300291246007000424260005300494300003100547504006400578533015200642650004400794650004000838650003800878651003900916655002900955710001700984856012501001999001501126ebr5000434CaPaEBRm u cr cn|||||||||990225s1999 hiuab sb s001 0 eng  z 99024209  z082482153X (cloth : alk. paper) z0824822137 (paper : alk. paper) aCaPaEBRcCaPaEBR a(OCoLC)64689102214aHC457.P6bE33 1999eb04a338.7/09599/42211 aEder, James F.12aA generation laterh[electronic resource] :bhousehold strategies and economic change in the rural Philippines /cJames F. Eder.30aHousehold strategies and economic change in the rural Philippines aHonolulu :bUniversity of Hawai'i Press,cc1999. axiv, 191 p. :bill., maps. aIncludes bibliographical references (p. 173-188) and index. aElectronic reproduction.bPalo Alto, Calif. :cebrary,d2013.nAvailable via World Wide Web.nAccess may be limited to ebrary affiliated libraries. 0aRural industrieszPhilippineszPalawan. 0aFamily farmszPhilippineszPalawan. 0aHouseholdszPhilippineszPalawan. 0aPalawan (Philippines)xPopulation. 7aElectronic books.2local2 aebrary, Inc.40uhttp://site.ebrary.com/lib/rucke/Doc?id=5000434zAn electronic book accessible through the World Wide Web; click to view c2811d2811